[Event "NOR-ch Blitz"]
[Site "Drammen"]
[Date "2023.01.06"]
[Round "2"]
[White "Hammer, Jon Ludvig"]
[Black "Gonzalez, Francisco Silva"]
[Result "1-0"]
[WhiteElo "2630"]
[BlackElo "2033"]
[PlyCount "79"]
[EventDate "2023.01.06"]
[EventType "swiss (blitz)"]
[EventRounds "9"]
[EventCountry "NOR"]
[SourceTitle "CBM 212 Extra"]
[Source "ChessBase"]
[SourceDate "2023.03.31"]
[SourceVersion "1"]
[SourceVersionDate "2023.03.31"]
[SourceQuality "1"]

1. Nf3 d5 2. g3 c6 3. Bg2 Bg4 4. 0-0 Nd7 5. c4 e6 6. cxd5 cxd5 7. d3 Ngf6 8. h3 Bxf3 9. Bxf3 Bc5 10. e3 h5 11. Bg2 a6 12. Qe2 Qc7 13. Nd2 Ba7 14. Nf3 Ne5 15. Bd2 Nxf3+ 16. Bxf3 h4 17. Rfc1 Qd6 18. g4 Kf8 19. Bg2 Rd8 20. a3 Kg8 21. Rc2 Bb8 22. Rac1 Qh2+ 23. Kf1 Kh7 24. g5 Nd7 25. Rc8 g6 26. Rxd8 Rxd8 27. Qg4 Ne5 28. Qxh4+ Kg8 29. Bc3 Rc8 30. Rc2 Rc6 31. Qd4 f5 32. gxf6 Kf7 33. Qh4 Bd6 34. Qh7+ Kxf6 35. f4 Qg3 36. fxe5+ Bxe5 37. Rf2+ Kg5 38. h4+ Qxh4 39. Qxh4+ Kxh4 40. Bxe5 1-0

[Event "NOR-ch Blitz"]
[Site "Drammen"]
[Date "2023.01.06"]
[Round "8"]
[White "Hammer, Jon Ludvig"]
[Black "Vestby Ellingsen, Mads"]
[Result "1-0"]
[WhiteElo "2630"]
[BlackElo "2389"]
[PlyCount "105"]
[EventDate "2023.01.06"]
[EventType "swiss (blitz)"]
[EventRounds "9"]
[EventCountry "NOR"]
[SourceTitle "CBM 212 Extra"]
[Source "ChessBase"]
[SourceDate "2023.03.31"]
[SourceVersion "1"]
[SourceVersionDate "2023.03.31"]
[SourceQuality "1"]

1. e4 c5 2. Nf3 d6 3. d4 cxd4 4. Nxd4 Nf6 5. Nc3 Nc6 6. Bg5 e6 7. Qd2 a6 8. 0-0-0 Bd7 9. f4 h6 10. Bxf6 Qxf6 11. e5 dxe5 12. Ndb5 0-0-0 13. Ne4 Qxf4 14. Nbd6+ Kc7 15. Qxf4 exf4 16. Nxf7 Be7 17. Be2 e5 18. c3 Be6 19. Rxd8 Rxd8 20. Nxd8 Nxd8 21. a3 Nf7 22. Bf3 g5 23. h3 Bf5 24. Re1 b5 25. Nf2 Bc5 26. Ng4 Bxg4 27. hxg4 Be3+ 28. Kc2 Nd6 29. Kd3 Nc4 30. Re2 Kd6 31. b3 Nb6 32. Re1 Nd7 33. b4 Nf6 34. a4 e4+ 35. Bxe4 Nxg4 36. axb5 Nf2+ 37. Kc2 axb5 38. Bd3 Kc6 39. Ra1 h5 40. Ra6+ Kd5 41. Bxb5 g4 42. Rh6 f3 43. Rxh5+ Ke4 44. Bc6+ Kf4 45. Bxf3 gxf3 46. gxf3 Kxf3 47. Re5 Kf4 48. Re8 Ne4 49. Kd3 Nf2+ 50. Kc4 Ne4 51. Re7 Kf5 52. Kd3 Nf6 53. Rxe3 1-0

[Event "NOR-chT Elite 2223"]
[Site "Norway"]
[Date "2022.11.11"]
[Round "1.51"]
[White "Hammer, Jon Ludvig"]
[Black "Howell, David"]
[Result "1/2-1/2"]
[WhiteElo "2625"]
[BlackElo "2667"]
[PlyCount "51"]
[EventDate "2022.11.11"]
[EventType "team-tourn"]
[EventRounds "9"]
[EventCountry "NOR"]
[SourceTitle "CBM 211 Extra"]
[Source "ChessBase"]
[SourceDate "2023.01.31"]
[SourceVersion "1"]
[SourceVersionDate "2023.01.31"]
[SourceQuality "1"]
[WhiteTeam "OSS"]
[BlackTeam "Valerenga"]
[WhiteTeamCountry "NOR"]
[BlackTeamCountry "NOR"]

1. e4 e5 2. Nf3 Nc6 3. Bb5 Nf6 4. 0-0 Nxe4 5. Re1 Nd6 6. Nxe5 Be7 7. Bf1 Nxe5 8. Rxe5 0-0 9. d4 Ne8 10. d5 Bc5 11. Re1 d6 12. Nc3 Bf5 13. Bd3 Qf6 14. Be3 Qg6 15. Bxf5 Qxf5 16. Bxc5 dxc5 17. Ne4 Nf6 18. Nxc5 b6 19. Na6 Nxd5 20. c4 Nf6 21. Nxc7 Rad8 22. Qe2 Qf4 23. Nd5 Nxd5 24. cxd5 Rxd5 25. Rad1 Qd6 26. b3 1/2-1/2

[Event "Speed Chess Q1"]
[Site "Chess.com INT"]
[Date "2022.11.10"]
[Round "3"]
[White "Hammer, Jon Ludvig"]
[Black "Bordi, Kevin Claude"]
[Result "0-1"]
[WhiteElo "2625"]
[BlackElo "2288"]
[PlyCount "62"]
[EventDate "2022.11.10"]
[EventType "swiss (blitz)"]
[EventRounds "14"]
[EventCountry "USA"]
[SourceTitle "CBM 211 Extra"]
[Source "ChessBase"]
[SourceDate "2023.01.31"]
[SourceVersion "1"]
[SourceVersionDate "2023.01.31"]
[SourceQuality "1"]

1. e4 d5 2. exd5 Qxd5 3. Nf3 Bg4 4. Be2 Nc6 5. h3 Bxf3 6. Bxf3 Qd7 7. 0-0 0-0-0 8. g3 h5 9. Bg2 h4 10. g4 f5 11. gxf5 g6 12. fxg6 Nf6 13. d4 Rg8 14. c3 Rxg6 15. Qf3 e6 16. Kh1 Bd6 17. Nd2 Rdg8 18. Rg1 Qg7 19. Nc4 Nd5 20. Nxd6+ cxd6 21. Bd2 Rf8 22. Qe2 Rg8 23. Qe4 Nd8 24. c4 Nf6 25. Qf3 e5 26. dxe5 dxe5 27. Bc3 Nc6 28. b4 Nh5 29. b5 Nd4 30. Bxd4 exd4 31. Qxh5 Rxg2 0-1

[Event "Olympiad-44"]
[Site "Chennai"]
[Date "2022.08.09"]
[Round "11.2"]
[White "Hammer, Jon Ludvig"]
[Black "Gomez, John Paul"]
[Result "1/2-1/2"]
[WhiteElo "2638"]
[BlackElo "2451"]
[PlyCount "69"]
[EventDate "2022.07.29"]
[EventType "team-swiss"]
[EventRounds "11"]
[EventCountry "IND"]
[SourceTitle "CBM 210"]
[Source "ChessBase"]
[SourceDate "2022.10.31"]
[SourceVersion "1"]
[SourceVersionDate "2022.10.31"]
[SourceQuality "1"]
[WhiteTeam "Norway"]
[BlackTeam "Philippines"]
[WhiteTeamCountry "NOR"]
[BlackTeamCountry "PHI"]

1. e4 e5 2. Nf3 Nc6 3. Bb5 Nf6 4. d3 d6 5. 0-0 a6 6. Bxc6+ bxc6 7. d4 exd4 8. Qxd4 Be7 9. e5 c5 10. Qd3 dxe5 11. Qxd8+ Bxd8 12. Nxe5 0-0 13. Nc6 Nd5 14. Nxd8 Rxd8 15. Na3 Bf5 16. c4 Nb4 17. Be3 a5 18. b3 a4 19. Bxc5 Nc2 20. Nxc2 Bxc2 21. b4 Rd3 22. Be3 Rc3 23. c5 c6 24. Rac1 Rc4 25. Rfe1 Rd8 26. h3 Bd3 27. Rcd1 Rxb4 28. Bd2 Re4 29. Ba5 Rxe1+ 30. Rxe1 Rb8 31. Bb6 Kf8 32. Bc7 Rb1 33. Bd6+ Kg8 34. Rxb1 Bxb1 35. a3 1/2-1/2

[Event "Olympiad-44"]
[Site "Chennai"]
[Date "2022.08.01"]
[Round "4.3"]
[White "Hammer, Jon Ludvig"]
[Black "Bilguun, Sumiya"]
[Result "1/2-1/2"]
[WhiteElo "2638"]
[BlackElo "2463"]
[PlyCount "76"]
[EventDate "2022.07.29"]
[EventType "team-swiss"]
[EventRounds "11"]
[EventCountry "IND"]
[SourceTitle "CBM 210"]
[Source "ChessBase"]
[SourceDate "2022.10.31"]
[SourceVersion "1"]
[SourceVersionDate "2022.10.31"]
[SourceQuality "1"]
[WhiteTeam "Norway"]
[BlackTeam "Mongolia"]
[WhiteTeamCountry "NOR"]
[BlackTeamCountry "MGL"]

1. e4 c5 2. Nf3 d6 3. d4 cxd4 4. Nxd4 Nf6 5. Nc3 a6 6. Be2 e5 7. Nb3 Be7 8. 0-0 0-0 9. Qd3 b5 10. Bg5 Nbd7 11. a4 b4 12. Nd5 a5 13. Nxe7+ Qxe7 14. Qg3 Qe6 15. Bh6 Ne8 16. Bg5 Nef6 17. Nd2 Ba6 18. Bxa6 Rxa6 19. Bxf6 Nxf6 20. Qd3 d5 21. Rae1 Rd6 22. exd5 Rxd5 23. Qe2 Qc6 24. Nc4 e4 25. b3 Qc7 26. Rd1 Re8 27. Rxd5 Nxd5 28. Qh5 Qd8 29. g3 g6 30. Qd1 Qa8 31. Re1 Nc3 32. Qd2 Rd8 33. Qg5 Qd5 34. Qf6 Re8 35. Nd6 Rf8 36. Nc4 Re8 37. Nd6 Rf8 38. Nc4 Re8 1/2-1/2